| 000 | 01268 a2200253 4500 | ||
|---|---|---|---|
| 005 | 20080916125729.0 | ||
| 008 | 080916t xxu||||| |||| 00| 0 hin d | ||
| 010 | _aHIN-80917 | ||
| 020 |
_a8189850733 _c150.00 |
||
| 035 | _aHN-53263 | ||
| 037 | _bD.B.Act / pub | ||
| 082 | _aक | ||
| 100 | _aगुहा, बुद्धदेव | ||
| 245 |
_aआईने के सामने _cबुद्धदेव गुहा;बांग्ला से अनुवादक सुनीता चौरसिया |
||
| 246 |
_aAainey ke Saamne _bby Buddhadev Guha; Ed by Tren by Sunita Chorsiya |
||
| 260 |
_aनोएडा _bरेमाधव पब्लिकेशन्स _c2006 |
||
| 300 |
_a109पृ _c22 सेमी (सजिल्द) |
||
| 650 | _aहिन्दी कहानियाँ | ||
| 650 | _aHindi Stories | ||
| 700 | _aचौरसिया, सुनीता | ||
| 270 |
_aसी-94, सेक्टर-63 _bनोएडा(उ.प्र.) _e201301 _mcontact@remadhav.com |
||
| 942 |
_adpl _cHN _kक / गुहाबु _2ddc _hक _mगुहाबु |
||
| 999 |
_c7300 _d7300 |
||